000 00354 a2200169 4500
001 187401
020 _a85-7666-774-6
040 _cMagnum
100 _aÍndigo
240 1 0 _aPalavra de honra
_lpor
245 1 0 _aPalavra de honra
300 _a24
362 0 _a2006
440 1 _aEscala Educacional
697 _aLITERATURA INFANTIL
942 _cBK
999 _c187401
_d187401